Boris Karloff Movies Quiz Stats

 Plays Quiz not verified by Sporcle

Score 0/129 Timer 20:00
0 Plays Today
Year Movie % Correct
1931Frankenstein
98.2%
1935Bride of Frankenstein
94.7%
1932The Mummy
92%
1939Son of Frankenstein
89.9%
1935The Raven
85.6%
1963The Raven
85.6%
1934The Black Cat
85.4%
1944House of Frankenstein
80%
1945The Body Snatcher
77.8%
1963The Terror
76.5%
1936The Invisible Ray
76.1%
1968Targets
76.1%
1932The Old Dark House
75.1%
1958Frankenstein - 1970
72.8%
1932The Mask of Fu Manchu
72%
1946Bedlam
71.6%
1953Abbott and Costello Meet Dr. Jekyll and Mr. Hyde
71.2%
1945Isle of the Dead
71%
1932Scarface
70.4%
1939Tower of London
70.2%
1949Abbott and Costello Meet the Killer, Boris Karloff
69.3%
1933The Ghoul
69.1%
1935The Black Room
67.9%
1940Black Friday
66.9%
1947Dick Tracy Meets Gruesome
65.6%
1967Mad Monster Party?
65.6%
1965Die, Monster, Die!
65.4%
1939The Man They Could Not Hang
65.2%
1940Before I Hang
64.2%
1952The Black Castle
64%
1963The Comedy of Terrors
64%
1934The Lost Patrol
63.6%
1968The Crimson Cult
63.4%
1936The Walking Dead
61.5%
1940The Ape
61.3%
1958The Haunted Strangler
60.9%
1938Mr. Wong, Detective
59.7%
1939Mr. Wong in Chinatown
59.3%
1958Corridors of Blood
59.1%
1940You'll Find Out
58.8%
1967The Sorcerers
56.8%
1947Unconquered
56.6%
1947The Secret Life of Walter Mitty
56.4%
Year Movie % Correct
1931The Criminal Code
56.2%
1940Doomed to Die
56.2%
1947Lured
56%
1942The Boogie Man Will Get You
55.4%
1940The Man with Nine Lives
55.3%
1941The Devil Commands
53.9%
1939The Mystery of Mr. Wong
53.7%
1944The Climax
53.3%
1936Charlie Chan at the Opera
52.5%
1971Isle of the Snake People
52.3%
1934The House of Rothschild
52.1%
1940The Fatal Hour
51.9%
1940British Intelligence
51.2%
1931Five Star Final
51%
1948Tap Roots
50.2%
1951The Strange Door
50%
1939Devil's Island
49.8%
1936The Man Who Lived Again
48.6%
1957Voodoo Island
48.6%
1967The Venetian Affair
48.6%
1971Alien Terror
48.6%
1920The Deadlier Sex
48.4%
1937Night Key
48.2%
1966The Ghost in the Invisible Bikini
47.9%
1931Cracked Nuts
47.7%
1931Graft
47.5%
1926The Bells
46.1%
1931Young Donovan's Kid
45.5%
1930The Sea Bat
45.1%
1936Juggernaut
45.1%
1931I Like Your Nerve
44.6%
1964Bikini Beach
44.2%
1932Night World
43.4%
1937West of Shanghai
43.2%
1938The Invisible Menace
42.8%
1949The Emperor's Nightingale
42.2%
1932Behind the Mask
41.6%
1931The Guilty Generation
41.4%
1931The Public Defender
41.1%
1932The Miracle Man
40.9%
1930The Utah Kid
40.7%
1966The Daydreamer
39.9%
1954The Island Monster
39.7%
Year Movie % Correct
1954Sabaka
39.7%
1931Tonight or Never
38.1%
1968House of Evil
37.4%
1932Business and Pleasure
37.2%
1921The Cave Girl
36.8%
1968The Fear Chamber
36.2%
1970Blind Man's Bluff
35.8%
1927Soft Cushions
35.2%
1929Behind That Curtain
35%
1926Flames
33.7%
1926Flaming Fury
33.5%
1922The Man from Downing Street
32.5%
1929The Phantom of the North
32.5%
1930The Bad One
31.9%
1926The Man in the Saddle
31.1%
1926The Golden Web
31.1%
1925Parisian Nights
30.9%
1927The Phantom Buster
30.9%
1922The Altar Stairs
30.2%
1927Tarzan and the Golden Lion
29.4%
1929The Devil's Chaplain
29.4%
1929Two Sisters
29.4%
1922Omar the Tentmaker
26.5%
1927Two Arabian Knights
26.5%
1928The Little Wild Girl
26.3%
1922The Infidel
25.3%
1925Lady Robinhood
25.3%
1929Burning the Wind
25.1%
1925The Prairie Wife
24.5%
1924Dynamite Dan
24.3%
1924The Hellion
23.2%
1926Her Honor, the Governor
23%
1927The Princess from Hoboken
23%
1921Without Benefit of Clergy
22.2%
1923The Prisoner
21.2%
1921Cheated Hearts
21%
1927The Love Mart
19.3%
1920The Courage of Marge O'Doone
18.9%
1927Let It Rain
15.2%
1926The Greater Glory
15%
1927The Meddlin' Stranger
14.8%
1925Forbidden Cargo
14.4%
1922The Woman Conquers
14.2%

You're not logged in!

Compare scores with friends on all Sporcle quizzes.
OR
Log In

Show Comments

Extras

Top Quizzes Today


Score Distribution

Your Account Isn't Verified!

In order to create a playlist on Sporcle, you need to verify the email address you used during registration. Go to your Sporcle Settings to finish the process.

Report this User

Report this user for behavior that violates our Community Guidelines.

Details: